Mother Mother - It's Alright Lyric Quiz - Statistics

General Stats
  • This quiz has been taken 184 times
  • The average score is 244 of 346
Answer Stats
Answer % Correct
I
100%
a
99%
It's
97%
it's
97%
alright
95%
okay
88%
not
86%
be
85%
you
85%
human
82%
and
81%
You're
80%
I'm
79%
in
78%
Oh
78%
few
77%
mistakes
77%
monster
77%
just
76%
made
73%
my
72%
My
72%
on
72%
to
70%
the
69%
day
67%
had
67%
night
65%
one
65%
things
65%
million
64%
said
64%
billion
63%
stupid
63%
what
63%
did
62%
baseball
61%
foolish
61%
hey
61%
inside
61%
of
61%
that
61%
bat
60%
bed
60%
head
60%
see
58%
way
58%
am
57%
beside
57%
demon
57%
lost
57%
pain
57%
what's
56%
fight
54%
who
52%
can't
51%
got
50%
lonely
49%
reason
49%
meds
48%
know
46%
behind
45%
don't
45%
off
45%
out
41%
brick
40%
will
40%
down
39%
right
39%
around
38%
drunk
38%
everything
38%
high
38%
shame
38%
there's
38%
through
38%
window
38%
better
37%
feel
37%
grabbing
37%
so
37%
straight
37%
capable
36%
ego
36%
life
36%
touching
36%
wanna
36%
broken
35%
gruesome
35%
Goddamn
34%
ignored
33%
throw
33%
signals
32%
alive
31%
believe
31%
coming
31%
find
31%
rather
31%
behaved
30%
blind
30%
think
30%
having
29%
yes
29%
I'll
28%
would
28%
cause
26%
heaven
26%
only
26%
knows
22%
Oooh
15%
oooh
15%
No matching quizzes found
Score Distribution
Percent of People with Each Score
Percentile by Number Answered
Your Score History
You have not taken this quiz